000 00510pab a2200169 454500
008 180718b2004 xxu||||| |||| 00| 0 eng d
100 _aFlint, Colin
245 _aHow the United States justified its war on terrorism: prime morality and the construction of a `just war'
260 _c2004
300 _ap.1379-399.
650 _aEthics - United States
650 _aTerrorism - United States
650 _aTerrorism
700 _aFalaah, Ghazi-Walid
773 _aThird World Quarterly
909 _a63634
999 _c63634
_d63634